| 000 | 00606cam a2200253ua 4500 | ||
|---|---|---|---|
| 020 | _c60.00 | ||
| 041 |
_aeng _h |
||
| 082 |
_a630.1 _bMIC/PR |
||
| 100 | _aMichael, A.M. | ||
| 245 |
_aPrinciples of agricultural engineering, Vol 1 / _cA M Michael. _hTextual Documents |
||
| 250 |
_a2 / _b. |
||
| 260 |
_aNew Delhi : _bJain Brothers , _c1992. |
||
| 300 | _a638 ; . | ||
| 365 | _a60.00 | ||
| 500 | _a* CSS | ||
| 504 | _a | ||
| 700 | 1 | _aOjha, T.P. | |
| 942 | _cBK | ||
| 999 |
_c9634 _d9634 |
||